Loading...
| Literature - World | 0 | 6 | 0 | 2 | 60 | 121 | 139.00 | 0 | 0 | 3.89 | 16.67 |
| Literature - American | 1 | 4 | 0 | 1 | 55 | 49 | 109.00 | 1 | 1 | 12.53 | 29.17 |
| History - European | 0 | 4 | 0 | 1 | 40 | 73 | 94.75 | 0 | 0 | 10.39 | 13.89 |
| History - Ancient/Other | 1 | 2 | 0 | 1 | 35 | 18 | 68.00 | 1 | 2 | 18.63 | 25.00 |
| Science - Biology | 0 | 2 | 0 | 1 | 20 | 83 | 100.00 | 0 | 0 | 2.07 | 4.17 |
| Fine Arts - Classical Music | 0 | 2 | 0 | 0 | 20 | 101 | 102.50 | 0 | 0 | 4.71 | 6.94 |
| History - World | 0 | 2 | 0 | 1 | 20 | 121 | 122.50 | 0 | 0 | 0.68 | 6.94 |
| Mythology | 0 | 2 | 1 | 1 | 15 | 104 | 113.50 | 0 | 0 | 2.49 | 5.56 |
| History - Other | 0 | 1 | 0 | 0 | 10 | 102 | 102.00 | 0 | 0 | 7.50 | 25.00 |
| Science - Other | 0 | 1 | 0 | 0 | 10 | 90 | 90.00 | 0 | 1 | 3.43 | 7.81 |
| Literature - European | 0 | 1 | 0 | 0 | 10 | 157 | 157.00 | 0 | 0 | 0.07 | 4.17 |
| Other Academic | 0 | 1 | 0 | 1 | 10 | 138 | 138.00 | 0 | 0 | 0.48 | 4.17 |
| Social Science | 0 | 1 | 1 | 0 | 5 | 75 | 75.00 | 0 | 0 | 3.60 | 5.56 |
| History - American | 0 | 1 | 1 | 1 | 5 | 136 | 136.00 | 0 | 0 | 0.08 | 2.78 |
| Literature - British | 0 | 1 | 1 | 0 | 5 | 107 | 107.00 | 0 | 0 | 2.43 | 6.94 |
| Religion | 0 | 1 | 1 | 0 | 5 | 128 | 128.00 | 0 | 0 | 0.58 | 4.17 |
| Science - Physics | 0 | 0 | 0 | 0 | 0 | 0.00 | 0 | 0 | 0.00 | 0.00 | |
| Geography | 0 | 0 | 1 | 0 | -5 | 0.00 | 0 | 0 | 0.00 | 0.00 | |
| Fine Arts - Other | 0 | 0 | 1 | 0 | -5 | 0.00 | 0 | 0 | 0.00 | 0.00 |